Nomi, cose e città: stati sovrani - Statistics

Statistiche generali
  • Questo quiz è stato fatto 180 volte
  • Il punteggio medio è 23 su 23
Statistiche sulle risposte
Hint Risposta % Corretto
A Afghanistan|Albania|Algeria|Andorra|Angola|Antigua e Barbuda|Arabia Saudita|Argentina|Armenia|Australia|Austria|Azerbaijan
100%
B Bahamas|Bahrain|Bangladesh|Barbados|Basotholand|Basutoland|Belau|Belgio|Belize|Benin|Bhutan|Bielorussia|Birmania|Bolivia|Bosnia ed Erzegovina|Botswana|Brasile|Brunei|Bulgaria|Burkina Faso|Burundi
99%
C Cambogia|Camerun|Canada|Capo Verde|Cechia|Ciad|Cile|Cina|Cipro|Città del Vaticano|Colombia|Comore|Congo|Corea del Nord|Corea del Sud|Cosacchia|Cossovo|Costa d'Avorio|Costa Rica|Croazia|Cuba
99%
E Ecuador|Egitto|El Salvador|Emirati Arabi Uniti|Eritrea|Estonia|Eswatini|Etiopia
99%
F Figi|Filippine|Finlandia|Formosa|Francia
99%
G Gabon|Gambia|Georgia|Germania|Ghana|Giamaica|Giappone|Gibuti|Giordania|Grecia|Grenada|Guatemala|Guinea|Guinea Equatoriale|Guinea-Bissau|Guyana
99%
I India|Indonesia|Iran|Iraq|Irlanda|Islanda|Isole Marshall|Isole Salomone|Israele|Italia
99%
K Kazakistan|Kenya|Kirghizistan|Kiribati|Kosovo|Kossovo|Kuwait
99%
L Laos|Lesotho|Lettonia|Libano|Liberia|Libia|Liechtenstein|Lituania|Lussemburgo
99%
M Macedonia del Nord|Madagascar|Malawi|Maldive|Malesia|Mali|Malta|Marocco|Mauritania|Mauritius|Messico|Micronesia|Moldavia|Monaco|Mongolia|Montenegro|Mozambico|Myanmar
99%
R Regno Unito|Repubblica Ceca|Repubblica Centrafricana|Repubblica Dominicana|Romania|Ruanda|Russia
99%
S Saint Kitts e Nevis|Saint Vincent e Grenadine|Samoa|San Marino|Santa Lucia|Sao Tome e Principe|Senegal|Serbia|Seychelles|Sierra Leone|Singapore|Siria|Slovacchia|Slovenia|Somalia|Spagna|Sri Lanka|Stati Federati di Micronesia|Stati Uniti|Sud Sudan|Sudafrica|Sudan|Suriname|Svezia|Svizzera|Swaziland
99%
H Haiti|Honduras
98%
N Namibia|Nauru|Nepal|Ngwana|Nicaragua|Niger|Nigeria|Norvegia|Nuova Zelanda
98%
P Paesi Bassi|Pakistan|Palau|Panama|Papua Nuova Guinea|Paraguay|Perù|Polonia|Portogallo
98%
T Tagikistan|Taiwan|Tanzania|Thailandia|Timor Est|Togo|Tonga|Trinidad e Tobago|Tunisia|Turchia|Turkmenistan|Tuvalu
98%
U Ucraina|Uganda|Ungheria|Uruguay|Uzbekistan
98%
V Vanuatu|Vaticano|Venezuela|Vietnam
98%
Y Yemen
98%
Z Zambia|Zimbabwe
98%
D Danimarca|Dominica
97%
O Olanda|Oman
96%
Q Qatar
96%
Nessun quiz corrispondente trovato
Distribuzione punteggi
Percentuale di utenti per punteggio
Percentile per numero di risposta
I tuoi punteggi nel tempo
Non hai fatto questo quiz